Actas de la diputación permanente del Congreso de Angostura / (Registro nro. 6299)

Detalles MARC
000 -LEADER
fixed length control field 01027nam a2200253Ia 4500
003 - CONTROL NUMBER IDENTIFIER
control field OSt
005 - DATE AND TIME OF LATEST TRANSACTION
control field 20201023180022.0
008 - FIXED-LENGTH DATA ELEMENTS--GENERAL INFORMATION
fixed length control field 191128s1927 ck gr 001 0 spa d
040 ## - CATALOGING SOURCE
Original cataloging agency CO-JMCR
Transcribing agency CO-JMCR
041 0# - LANGUAGE CODE
Language code of text/sound track or separate title spa
082 04 - DEWEY DECIMAL CLASSIFICATION NUMBER
Classification number 987.05 /
Item number M657a
Edition number 23
100 1# - MAIN ENTRY--PERSONAL NAME
Personal name Monsalve, José Dolores,
Relator term compilador
9 (RLIN) 10734
245 10 - TITLE STATEMENT
Title Actas de la diputación permanente del Congreso de Angostura /
Remainder of title con notas, comentarios y esbozos biográficos por J.D. Monsalve
260 ## - PUBLICATION, DISTRIBUTION, ETC.
Place of publication, distribution, etc. Bogotá :
Name of publisher, distributor, etc. Imprenta Nacional,
Date of publication, distribution, etc. 1927
300 ## - PHYSICAL DESCRIPTION
Extent xvi, 336 páginas ;
Dimensions 24 cm.
490 0# - SERIES STATEMENT
Series statement Biblioteca de Historia Nacional ;
Volume/sequential designation 40
500 ## - GENERAL NOTE
General note Incluye índice analítico, alfabético y notas a pie de página.
505 0# - FORMATTED CONTENTS NOTE
Formatted contents note Año 1820 -- Año 1821
650 14 - SUBJECT ADDED ENTRY--TOPICAL TERM
Topical term or geographic name entry element Congreso de Angostura
9 (RLIN) 10735
Chronological subdivision 1819
651 #4 - SUBJECT ADDED ENTRY--GEOGRAPHIC NAME
Geographic name Colombia
Form subdivision fuentes
General subdivision historia
Chronological subdivision Guerra de independencia, 1810-1819
9 (RLIN) 11924
651 #4 - SUBJECT ADDED ENTRY--GEOGRAPHIC NAME
Geographic name Venezuela
Form subdivision fuentes
General subdivision historia
Chronological subdivision Guerra de independencia, 1810-1823
9 (RLIN) 11925
700 1# - ADDED ENTRY--PERSONAL NAME
Personal name Monsalve, J.D.,
Relator term comentarista
9 (RLIN) 11926
942 ## - ADDED ENTRY ELEMENTS (KOHA)
Source of classification or shelving scheme Dewey Decimal Classification
Koha item type Books
Existencias
Withdrawn status Lost status Source of classification or shelving scheme Damaged status Not for loan Collection code Home library Current library Date acquired Source of acquisition Total Checkouts Full call number Barcode Date last seen Date last checked out Copy number Koha item type
    Dewey Decimal Classification     Non-fiction Biblioteca Pública José María del Castillo y Rada Biblioteca Pública José María del Castillo y Rada 04/15/2018 Donación 1 987.05 / M657a 430012340 05/16/2024 01/16/2020 Ej.1 Books